Bâle en images - Statistiques

Statistiques générales
  • Ce quiz a été pris 24 fois
  • Le résultat moyen est 8 sur 15
Statistiques - réponses
Par images Hint Réponse % Correct
Pays Suisse
100%
Joueur de tennis Roger Federer
92%
Club de football FC Bâle
83%
Fleuve Rhin
83%
Fête Carnaval de Bâle
79%
Année 2025
75%
Footballeur suisse Granit Xhaka
54%
Groupe pharmaceutique Novartis
50%
Stade et quartier bâlois Sankt Jakob
46%
Tours Tours Roche
42%
Manifestation artistique mondiale Art Basel
29%
Infrastructure franco-suisse EuroAirport
29%
Mathématicien suisse Leonhard Euler
25%
Philosophe allemand Friedrich Nietzsche
13%
Créature légendaire Basilic
8%
Aucun quiz correspondant
Distribution des résultats
% des personnes avec chaque résultat
Percentile par nombre de réponses
Votre historique - résultats
Vous n’avez pas pris ce quiz